书目信息 |
| 题名: |
逻辑思维训练
|
|
| 作者: | 王莘 主编 | |
| 分册: | ||
| 出版信息: | 北京 北京大学出版社 2006 |
|
| 页数: | 277页 | |
| 开本: | 23cm | |
| 丛书名: | ||
| 单 册: | ||
| 中图分类: | B812.2-44 , B80 | |
| 科图分类: | ||
| 主题词: | 逻辑思维--高等学校--试题 , 逻辑思维 , 思维科学 | |
| 电子资源: | ||
| ISBN: | 7-301-10935-0 | |
| 000 | 00984nam0 2200301 450 | |
| 001 | 0935482346 | |
| 005 | 20090927095358.25 | |
| 010 | @a7-301-10935-0@dCNY26.00 | |
| 100 | @a20070226e20072006em y0chiy50 ea | |
| 101 | 0 | @achi |
| 102 | @aCN@b110000 | |
| 105 | @ay zq 000yy | |
| 106 | @ar | |
| 200 | 1 | @a逻辑思维训练@f王莘主编@Aluo ji si wei xun lian |
| 210 | @a北京@c北京大学出版社@d2006 | |
| 215 | @a277页@d23cm | |
| 300 | @a人文素质教育教材系列 | |
| 312 | @a封面英文题名:Training in logical thinking | |
| 330 | @a本书分四部分:第一部分“各章练习题”;第二部分“各章练习题参考答案”;第三部分“案例的逻辑分析”;第四部分“模拟试卷”。 | |
| 510 | 0 | @aTraining in logical thinking@zeng |
| 606 | 0 | @a逻辑思维@x高等学校@x试题 |
| 606 | 0 | @a逻辑思维 |
| 606 | 0 | @a思维科学 |
| 690 | @aB812.2-44@v4 | |
| 690 | @aB80@v4 | |
| 701 | 0 | @a王莘@c(逻辑学)@4主编@Awang xin |
| 801 | 0 | @aCN@b大连网信软件有限公司图书馆·11@c20090927 |
| 905 | @a10447@dB80@eJY13 | |
| 逻辑思维训练/王莘主编.-北京:北京大学出版社,2006 |
| 277页;23cm |
| 人文素质教育教材系列.-←并列题名:Training in logical thinking |
| ISBN 7-301-10935-0:CNY26.00 |
| 本书分四部分:第一部分“各章练习题”;第二部分“各章练习题参考答案”;第三部分“案例的逻辑分析”;第四部分“模拟试卷”。 |
| ● |
| 相关链接 |
|
|
|
|
正题名:逻辑思维训练
索取号:B80/JY13
 
预约/预借
| 序号 | 登录号 | 条形码 | 馆藏地/架位号 | 状态 | 备注 |
| 1 | 7809986 | 278099861 | 学院路分馆/ [索取号:B80/JY13] | 在馆 | |
| 2 | 7809987 | 278099870 | 学院路分馆/ [索取号:B80/JY13] | 在馆 |